Statistiques concernant PETIT BAC

Cliquez ici pour prendre le quiz!

Statistiques générales

  • Ce quiz a été pris 137 fois
  • Le résultat moyen est 2 sur 26

Statistiques - réponses

LETTREMÉTIERSPORTFRUITLÉGUMECOULEUROBJETANIMAL% Correct
AAgriculteurAérobicAbricotAspergeAzurAmpouleAgneau
81%
DDentisteDanseDateDaikonDoréeDrapDromadaire
27%
FFacteurFootFraiseFenouilFuchsiaFourFaon
14%
CCharpentierCanoeCeriseCarotteCyanCrayonChien
13%
LLivreurLutteLitchiLaitueLilaLitLézard
9%
MMaçonMarathonMangueMacheMarronMouchoirMouton
8%
BBiologisteBasketBananeBetteraveBleuBouteilleBélier
7%
IInfirmierIronmanIcaqueIgnameIndigoImprimanteIguane
7%
ZZoologisteZumbaZatteZinzolinZippoZèbre
7%
JJardinierJavelotJujubeJauneJouetJaguar
5%
EÉbénisteEscrimeEndiveÉmeraudeEtagèreEléphant
3%
HHorlogerHandballHippophaeHaricotHavaneHorlogeHibou
3%
OOpticienOctathlonorangeOignonOcreOutilOurs
2%
RRadiologueRugbyRhubarbeRadisRougeRègleRenard
1%
SSoudeurSkisafouSalsifisSaugeServietteSouris
1%
GGeologisteGolfgrenadeGingembreGrisGrille painGrenouille
0%
KKebabierKayakKiwiKakiKlaxonKoala
0%
NNotaireNatationnoixNavetNoirNappeNarval
0%
PPécheurPatinageprunePanaisPrunePaillassonPieuvre
0%
QQuincaillierQuadQuetscheQueue de vacheQuilleQuokka
0%
TTailleurTennistomateTopinambourTaupeTapisTortue
0%
UUrbanisteUltimateUgliUdoUltramarineUrinoirUrial
0%
VVigileVolleyballVavangueVertVerreVeau
0%
WWebdesignerWaterpoloWampiWasabiWCWapiti
0%
XXenologueXiguaX boxXenopus
0%
YYacht manYogaYuzuYaconYoyoYack
0%

Distribution des résultats

Percentile par nombre de réponses

% des personnes avec chaque résultat

Votre développement - résultats

Vous n’avez pas pris ce quiz